Pokemon Types - Statistics

General Stats
  • This quiz has been taken 13 times
  • The average score is 16 of 17
Answer Stats
Hint Answer % Correct
Pokemon in this type: Pikachu :D Electric
100%
Pokemon in this type: Charizard (Hint: Water is its weakness) Fire
100%
Pokemon in this type: Charizard (Hint: not dragon type) Flying
100%
Pokemon in this type: Gengar Ghost
100%
Pokemon in this type: Weezing Poison
100%
Pokemon in this type: Blastoise Water
100%
Pokemon in this type: Darkrai Dark
92%
Pokemon in this type: Goomy Dragon
92%
Pokemon in this type: Hitmonlee Fighting
92%
Pokemon in this type: Bulbasaur Grass
92%
Pokemon in this type: Pidgey Normal
92%
Pokemon in this type: Exeggcute Psychic
92%
Pokemon in this type: Steelix Steel
92%
Pokemon in this type: Beedrill Bug
83%
Pokemon in this type: Jigglypuff Fairy
83%
Pokemon in this type: Sealeo Ice
83%
Pokemon in this type: Onix Rock
83%
No matching quizzes found
Score Distribution
Percent of People with Each Score
Percentile by Number Answered
Your Score History
You have not taken this quiz